| 000 | 00927cab a2200313 4500 | ||
|---|---|---|---|
| 001 | ABS53260 | ||
| 008 | 090401t1995 xxu||||| |||| 00| 0 eng d | ||
| 035 | _a(Sirsi) u3041 | ||
| 041 | _aeng | ||
| 100 | _aDixon, T. | ||
| 245 | _aContaminated land: lessons from America | ||
| 260 | _c1995 | ||
| 350 | _a0 | ||
| 490 |
_aEstates Gazette _v(9529) 22 July 1995, 110-112(3) |
||
| 520 | _aExplains the Superfund legislation in the US and the valuation methods used. Concentrates on the effect of stigma. | ||
| 650 | _aCERCLA | ||
| 650 | _aCLEAN-UP | ||
| 650 | _aCOMPARABLES | ||
| 650 | _aCOMPREHENSIVE ENVIRONMENTAL RESPONSE COMPENSATION AND LIABILITY ACT 19 | ||
| 650 | _aCONTAMINATED LAND | ||
| 650 | _aUNITED STATES | ||
| 650 | _aVALUATION APPROACH | ||
| 690 | _aLAND | ||
| 690 | _aOVERSEAS-NORTH AMERICA | ||
| 690 | _aRATING AND VALUATION | ||
| 700 | _aRichards, T. | ||
| 942 | _n0 | ||
| 948 | _c04/03/1997 | ||
| 999 |
_c1835 _d1835 |
||